| 000 | 00000nam 2200000zi 4500 |
| 001 | 9.937015 |
| 003 | CaOODSP |
| 005 | 20240418092330 |
| 006 | m o d f |
| 007 | cr |n||||||||| |
| 008 | 240418t19931993onc ob f000 0 eng d |
| 040 | |aCaOODSP|beng|erda|cCaOODSP |
| 043 | |an-cn--- |
| 086 | 1 |aJ2-910/1993E-PDF |
| 245 | 00|aCustody and access : |bpublic discussion paper. |
| 264 | 1|aOttawa, Ontario : |bCommunications and Consultation, Department of Justice, |cMarch 1993. |
| 264 | 4|c©1993 |
| 300 | |a1 online resource (iii, 61 pages) |
| 336 | |atext|btxt|2rdacontent |
| 337 | |acomputer|bc|2rdamedia |
| 338 | |aonline resource|bcr|2rdacarrier |
| 500 | |aDigitized edition from print [produced by Department of Justice Canada]. |
| 500 | |aIssued also in French under title: Document de travail public sur la garde d'enfants et le droit d'accès. |
| 504 | |aIncludes bibliographical references. |
| 650 | 0|aCustody of children|zCanada. |
| 710 | 1 |aCanada. |bDepartment of Justice, |eissuing body. |
| 775 | 08|tDocument de travail public sur la garde d'enfants et le droit d'accès.|w(CaOODSP)9.937014 |
| 856 | 40|qPDF|s1.71 MB|uhttps://publications.gc.ca/collections/collection_2024/jus/J2-910-1993-eng.pdf |